| 000 | 00000nam##2200000za#4500 |
| 001 | 9.636404 |
| 003 | CaOODSP |
| 005 | 20210624220723 |
| 007 | cr ||||||||||| |
| 008 | 150407|2009||||xxc|||||o f|0| 0 fre|d |
| 020 | |a978-1-100-91495-4 |
| 040 | |aCaOODSP|bfre |
| 043 | |an-cn--- |
| 086 | 1 |aCW66-170/2009F-PDF |
| 110 | 2 |aService canadien de la faune. |
| 245 | 13|aLe pluvier siffleur dans l'est du Canada |h[ressource électronique] |
| 260 | |aGatineau - Québec : |bEnvironnement Canada. |c[2009]. |
| 300 | |a2p.|bill. en couleur |
| 590 | |a12-24-Supp|b2012-05-30 |
| 775 | 08|tThe piping plover in eastern Canada |w(CaOODSP)9.692154 |
| 776 | 0#|tLe pluvier siffleur dans l'est du Canada |w(CaOODSP)9.684599 |
| 856 | 40|ahttp://publications.gc.ca|qPDF|s752 Ko|uhttps://publications.gc.ca/collections/collection_2012/ec/CW66-170-2009-fra.pdf |